000 00697nam a22002297a 4500
005 20240919073923.0
008 230901b ||||| |||| 00| 0 eng d
020 _a9789393610980
040 _aIN-DiNC
_cIN-DiNC
041 _dasm
082 _a301
_bSAI
100 _aSaikia, Utpal
_eauthor
245 _aUchchatar madhyamik samajtattwa:
_bbharatiya samajar unnayan aru paribartan (XII)/
_cby Utpal Saikia and Mridul Saikia
250 _a22nd ed.
260 _aGuwahati:
_bAshok publication,
_c2023.
300 _a443p.
650 _aIndian society
650 _aSocial change and development in India
650 _aSociology (XII)
700 _aSaikia, Mridul
_eauthor
942 _2ddc
_cBK
999 _c11623
_d11623